| 000 | 00480nam a22001817a 4500 | ||
|---|---|---|---|
| 003 | NUST-PNEC | ||
| 005 | 20170116180717.0 | ||
| 008 | 141022b xxu||||| |||| 00| 0 eng d | ||
| 020 | _a8121910064 | ||
| 040 | _cPNEC | ||
| 082 | _a363.703 ARO | ||
| 100 |
_9742 _aArora, P.N. |
||
| 245 |
_aChand's Dictionary of environment / _cP.N. Arora |
||
| 260 |
_aNew Delhi _bS. Chand & Company Ltd. _c1996 |
||
| 300 |
_a338 p. : _c22 cm. |
||
| 650 |
_xDictionary _xGeneral |
||
| 942 |
_2ddc _cBK |
||
| 999 |
_c61227 _d61227 |
||